00357nam a2200121Ia 450000500170000000800410001708200150005810000150007324500710008826000450015930000170020465000140022120240522035006.0240331s9999 xx 000 0 und d bADLa338.9 aAdler, J.H 0aInternational development 1968 :baccomlishments and apprehensions aNew YorkbOceana Publications, Incc1969 axi, 351 p ., aEconomic